000 00789nam a2200181Ia 4500
008 100920s9999 xx 000 0 und d
082 _b27526
_a51 थ 73
100 _aदेवगिरीकर त्र्यं. र.
245 _aमाझ्या जवाहरलालजींच्या आठवणी.
260 _bमहाराष्ट्र गांधी-स्मारक-निधि प्रकाशन, पुणे.
_c1973
300 _a140
_bसाधी
365 _b6
520 _aचरित्र.
630 _aमाझ्या जवाहरलालजींच्या आठवणी.
650 _aचरित्र.
730 _aमाझ्या जवाहरलालजींच्या आठवणी.
942 _cBOOK
999 _c684319
_d684316